000 00615nam a22002537a 4500
999 _c311801
_d311801
001 25503
003 UA-OsUOA
005 20200322162630.0
007 ta
008 20040420b un ||||| |||| 00| 0 ukr d
020 _a9666080311
040 _aUA-OsUOA
_brus
_cUA-OsUOA
_dUA-OsUOA
041 _arus
044 _aRU
080 _a658(075.8)
090 _a658(075.8)
_bК93
100 _aКурочкін А. С.
245 _aОперационный менеджмент
_bучеб. пос.
260 _aКиев
_bМАУП
_c2000
300 _a144 с.
650 7 _2UDC
942 _cBK
_2udc
955 _a0